000 00419nam a2200145Ia 4500
008 100204s9999 xx 000 0 und d
082 _b17587
100 _aबापट मुकुंद
245 _aमित्रा
260 _b"सूर्याक्षर विविधा, पुणे"
_c1994
300 _a186
630 _aमित्रा
730 _aमित्रा
942 _cBOOK
999 _c462010
_d462007